000 00288nam a22001217a 4500
008 180419b xxu||||| |||| 00| 0 eng d
041 _aeng
080 _a043.3
100 _a0
101 _aSHKI-BTH
245 _aGjuha skriptuese PHP dhe Framework-u Laravel
_cKosumi,K
942 _2udc
_cBK
999 _c45307
_d45307